The old curiosity shop /

Bibliographic Details
Main Author: Dickens, Charles, 1812-1870
Format: Book
Language:English
Published: London, New York : Oxford University Press, [1965]
Series:Dickens, Charles, 1812-1870. Works. 1947.

MARC

Tag First Indicator Second Indicator Subfields
LEADER 00000cam a2200000I 4500
001 in00000030820
005 20151007063035.0
008 800702s1965 enka 000 1 eng d
035 |a (OCoLC)ocm06480069 
035 |a (OCoLC)06480069 
035 |9 AAD6412AM 
040 |a TXA  |c TXA  |d IAE  |d UtOrBLW 
049 |a TXAM 
090 |a PR4566  |b .A1 1965 
092 |a 823  |b D548o, 1965 
100 1 |a Dickens, Charles,  |d 1812-1870. 
245 1 4 |a The old curiosity shop /  |c With 75 illus. by Cattermole and "Phiz." 
264 1 |a London,  |a New York :  |b Oxford University Press,  |c [1965] 
300 |a xv, 555 pages :  |b illustrations ;  |c 19 cm. 
336 |a text  |b txt  |2 rdacontent 
337 |a unmediated  |b n  |2 rdamedia 
338 |a volume  |b nc  |2 rdacarrier 
490 1 |a The New Oxford illustrated Dickens 
800 1 |a Dickens, Charles,  |d 1812-1870.  |t Works.  |f 1947. 
994 |a E0  |b TXA 
999 |a MARS 
999 f f |s c9138d29-4aee-308e-b203-01723e020533  |i bee42165-d4f8-3cfe-8815-4807112dc00b  |t 0 
952 f f |p ric  |a Texas A&M University  |b Rellis Campus  |c Joint Library Facility  |d Remote Storage  |t 0  |e PR4566 .A1 1965  |h Library of Congress classification  |i unmediated -- volume  |m A14801316817 
998 f f |a PR4566 .A1 1965  |t 0  |l Remote Storage